Statistiques concernant Les peintres impressionnistes

Cliquez ici pour prendre le quiz!

Statistiques générales

  • Ce quiz a été pris 238 fois
    (230 depuis la dernière actualisation)
  • Le résultat moyen est 8 sur 238

Statistiques - réponses

Noms% Correct
Claude Monet
99%
Édouard Manet
93%
Pierre-Auguste Renoir
74%
Vincent van Gogh
64%
Edgar Degas
58%
Paul Cézanne
50%
Berthe Morisot
31%
Georges Seurat
29%
Gustave Caillebotte
29%
Camille Pissarro
27%
Lucien Pissarro
27%
Alfred Sisley
26%
Henri de Toulouse-Lautrec
23%
Paul Signac
18%
Jean-François Millet
14%
Frédéric Bazille
12%
Mary Cassatt
10%
Eugène Boudin
9%
Paul Sérusier
6%
Armand Guillaumin
5%
Eva Gonzalès
5%
Maurice Utrillo
5%
Édouard Vuillard
4%
Maximilien Luce
4%
Suzanne Valadon
4%
Alexander Mann
3%
Joaquín Sorolla y Bastida
3%
Johan Barthold Jongkind
3%
Albert Lebourg
2%
Anton Mauve
2%
Charles-François Daubigny
2%
Childe Hassam
2%
Giuseppe De Nittis
2%
Henri-Jean Guillaume Martin
2%
Henri Le Sidaner
2%
Henri Rouart
2%
Jean-Louis Forain
2%
Marie Bracquemond
2%
Max Liebermann
2%
Stanislas Lépine
2%
Theodore Robinson
2%
Théo van Rysselberghe
2%
Willard Leroy Metcalf
2%
William Merritt Chase
2%
Alphonse Maureau
1%
Anna Boch
1%
Augustus John
1%
Colin Campbell Cooper
1%
Dennis Miller Bunker
1%
Dodge MacKnight
1%
Edmund Charles Tarbell
1%
Édouard Béliard
1%
Emile Claus
1%
Eugène Boch
1%
Federico Zandomeneghi
1%
Frank Weston Benson
1%
Frits Thaulow
1%
Gaston de La Touche
1%
George Hendrik Breitner
1%
Georgina de Albuquerque
1%
Gustave Loiseau
1%
Guy Rose
1%
Hanna Pauli
1%
Henry Moret
1%
Isaac Israëls
1%
Jacob Maris
1%
Jean Beraud
1%
John Henry Twachtman
1%
John Peter Russell
1%
Joseph DeCamp
1%
Joseph Raphael
1%
Julian Alden Weir
1%
Konstantin Korovin
1%
Lilla Cabot Perry
1%
Louis Hayet
1%
Ludovic Piette
1%
Marie Krøyer
1%
Maxime Maufra
1%
Max Slevogt
1%
Meijer de Haan
1%
Norbert Goeneutte
1%
Paul César Helleu
1%
Peder Severin Krøyer
1%
Richard Edward Miller
1%
Spencer Gore
1%
Theodore Earl Butler
1%
Victor Vignon
1%
Albert Dubois-Pillet
0%
Albert Weisgerber
0%
Anders Zorn
0%
Angelina Drumaux
0%
Anna Ancher
0%
Antonín Slavíček
0%
Antônio Parreiras
0%
Antoon van Welie
0%
Armand Apol
0%
Armand Seguin
0%
Arthur Diehl
0%
Arthur Streeton
0%
Auguste Oleffe
0%
Charles Angrand
0%
Charles Conder
0%
Charles Courtney Curran
0%
Charles Laval
0%
Christian Krohg
0%
Co Breman
0%
Darío de Regoyos
0%
Edward Atkinson Hornel
0%
Edward Henry Potthast
0%
Émile Jourdan
0%
Emile Lecomte
0%
Émile Schuffenecker
0%
Ernest Laurent
0%
Ernest Lawson
0%
Eva Bonnier
0%
Evert Musch
0%
Ferdinand Hart Nibbrig
0%
Floris Verster
0%
Francis Cadell
0%
Francisco Iturrino
0%
Francisco Oller
0%
Frantz Charlet
0%
Franz Binjé
0%
Frederick Carl Frieseke
0%
Frederick McCubbin
0%
Frederik Hendrik Kaemmerer
0%
Fritz Overbeck
0%
Fritz Syberg
0%
Fritz Von Uhde
0%
George-Daniel de Monfreid
0%
Georges Buysse
0%
Georges-Émile Lebacq
0%
Georges Lemmen
0%
Giovanni Boldini
0%
Giovanni Segantini
0%
Guillaume Van Strydonck
0%
Gustave Den Duyts
0%
Hans am Ende
0%
Hans Hermann
0%
Harold Gilman
0%
Harriet Backer
0%
Helen McNicoll
0%
Henri Evenepoel
0%
Henry Luyten
0%
Henry Somm
0%
Henry Tonks
0%
Henry Ward Ranger
0%
Hippolyte Petitjean
0%
Ilja Masjkov
0%
Ion Andreescu
0%
Isidore Verheyden
0%
Ivar Kamke
0%
James Wilson Morrice
0%
Jan Hendrik Weissenbruch
0%
Janis Rozentāls
0%
Jan Preisler
0%
Jan Toorop
0%
Jean-François Raffaëlli
0%
Jenny Montigny
0%
Joaquín Clausell
0%
Johan Krouthén
0%
John Leslie Breck
0%
John Ottis Adams
0%
Józef Pankiewicz
0%
Julius Paulsen
0%
Karl Nordström
0%
Konstantin Gorbatov
0%
Laura Muntz Lyall
0%
Laurits Tuxen
0%
Leonard Ochtman
0%
Leonid Pasternak
0%
Léon Pourtau
0%
Léon Printemps
0%
Leslie Hunter
0%
Lesser Ury
0%
Louise Abbéma
0%
Lovis Corinth
0%
Mary Agnes Yerkes
0%
Mathias Alten
0%
Maurice Hagemans
0%
Maurice Prendergast
0%
Maurits Niekerk
0%
Max Liebermann
0%
Medardo Rosso
0%
Michael Ancher
0%
Modest Huys
0%
Nadežda Petrović
0%
Nicolae Grigorescu
0%
Nicolae Tonitza
0%
Nils Kreuger
0%
Olga Boznańska
0%
Otto Kriens
0%
Pál Szinyei Merse
0%
Paul-Albert Besnard
0%
Paul Baum
0%
Paul Cornoyer
0%
Pauline Palmer
0%
Paul-Jean Martel
0%
Paul Permeke
0%
Paul Sawyier
0%
Philip Leslie Hale
0%
Philip Wilson Steer
0%
Pieter Franciscus Dierckx
0%
Pjotr Kontsjalovski
0%
Pjotr Niloes
0%
Rik Wouters
0%
Robert Antoine Pinchon
0%
Robert Bevan
0%
Robert Reid
0%
Robert Vonnoh
0%
Roderic O'Conor
0%
Rodolphe Wytsman
0%
Samuel Peploe
0%
Siebe ten Cate
0%
Silvestro Lega
0%
Slava Raškaj
0%
Ștefan Luchian
0%
Stephen Robert Koekkoek
0%
Sydney Starr
0%
Taf Wallet
0%
Telemaco Signorini
0%
Théodore Roussel
0%
Théo van Rysselberghe
0%
Thorvald Niss
0%
Tina Blau
0%
Tom Thomson
0%
Valentin Serov
0%
Vlaho Bukovac
0%
Walter Sickert
0%
Wilhelm Leibl
0%
Willem Cornelis Rip
0%
Willem de Zwart
0%
Willem Witsen
0%
William Glackens
0%
Willy Finch
0%
Władysław Podkowiński
0%
Władysław Ślewiński
0%

Distribution des résultats

Percentile par nombre de réponses

% des personnes avec chaque résultat

Votre développement - résultats

Vous n’avez pas pris ce quiz depuis la dernière actualisation